000 00257nam a22001217a 4500
040 _cHS
082 _a636
100 _aMICHEAL
245 _aManaging pig health and the treatment of disease
260 _aNA
_bMICHEAL
_c2002
300 _aNA
942 _cEK
999 _c10238
_d10238